How We Roll - Alvin & The Chipmunks - All Lyrics - Statistics

General Stats
  • This quiz has been taken 5 times
  • The average score is 112 of 345
Answer Stats
Answer % Correct
Oh,
100%
(Whoa)
100%
whoa,
100%
whoa
100%
Woah
100%
a
80%
get
60%
"hey"
60%
that
60%
the
60%
the)
60%
we
60%
when
60%
When
60%
Yeah,
60%
yeah,
60%
(Yeah,
60%
yeah
60%
You
60%
you
60%
(You
60%
all
40%
'Cause
40%
day
40%
escalade
40%
for
40%
got
40%
Got
40%
Gotta
40%
here
40%
just
40%
No
40%
on!
40%
on,
40%
one
40%
roll?)
40%
Roll,
40%
roll,
40%
roll
40%
roll)
40%
that's
40%
to
40%
will
40%
ain't
20%
always
20%
And
20%
(Baby,
20%
Baby,
20%
(baby),
20%
(baby)
20%
Break
20%
(Can
20%
Can
20%
can
20%
Come
20%
come
20%
cream!
20%
(Don't
20%
don't
20%
down
20%
drop
20%
everybody
20%
feel
20%
getting
20%
Here's
20%
hot
20%
how
20%
(How
20%
How
20%
in
20%
it
20%
it?
20%
it's
20%
know
20%
know)
20%
know,
20%
ladies
20%
live
20%
made
20%
never
20%
nothing
20%
now!
20%
of
20%
out,
20%
paid
20%
say
20%
say,
20%
Simon!
20%
so
20%
stay
20%
stop,
20%
stop
20%
there
20%
they
20%
thing
20%
town,
20%
what
20%
with
20%
won't
20%
your
20%
you're
20%
check
0%
Chipmunks
0%
dollars,
0%
dream!
0%
Droppin'
0%
fletch
0%
Funk,
0%
funk,
0%
funk
0%
hate
0%
holler,
0%
Iced
0%
Kick
0%
matter
0%
parade
0%
rocks
0%
send
0%
sick,
0%
Theodore
0%
top
0%
Write
0%
No matching quizzes found
Score Distribution
Percent of People with Each Score
Percentile by Number Answered
Your Score History
You have not taken this quiz